Ortaçağ'ın aydınlık sesi Edirneli bir bilge Bedreddin ve soylu yaşam öyküsü (Record no. 5103)

MARC details
000 -BAŞLIK
Sabit Uzunlukta Kontrol Alanı 00828na a2200265 4500
001 - KONTROL NUMARASI
Denetim Alanı 13797
003 - KONTROL NUMARASI IDENTIFIER
Denetim Alanı MIRAKIL
005 - SON İŞLEM TARİHİ VE ZAMANI
Denetim Alanı 20181213155027.0
008 - SABİT-BOY VERİ ELEMANLARI - GENEL BİLGİLER
Sabit Uzunlukta Kontrol Alanı 161003b tu 000 0
020 ## - ULUSLARARASI STANDART KİTAP NUMARASI
Uluslararası Standart Kitap Numarası 9789759283490
035 ## - SİSTEM KONTROL NUMARASI
Sistem Kontrol Numarası 13797
040 ## - KATALOGLAMA KAYNAK
Orijinal Kataloglama Ajansı Milas
Kataloglama Dili tur
Metne Dönüştürmek Ajansı TR-AnCHP
041 ## - DİL KODU
Metin / Ses Parça Veya Ayrı Başlığın Dil Kodu tur
082 ## - DEWEY ONLU SINIFLANDIRMA NUMARASI
Sınıflandırma Numarası 922.97 Bedreddin
Ürün Numarası T85o 2016
090 ## - SINIFLAMA NUMARASI
Sınıflama Numarası 922.97 Bedreddin T85o 2016
100 ## - ANA GİRİŞ - KİŞİSEL İSİM
Kişisel Ad Tunca, Ayhan
245 ## - BAŞLIK TABLOSU
Başlık Ortaçağ'ın aydınlık sesi Edirneli bir bilge Bedreddin ve soylu yaşam öyküsü
Sorumluluk Tablosu, Vb Ayhan Tunca
260 ## - YAYIN, DAĞITIM, VB
Yayın, Dağıtım, Vb Yeri İstanbul
Yayıncı, Dağıtıcı, Vs Adı İnkılap
Yayın, Dağıtım, Vb Tarihi 2016
300 ## - FİZİKSEL TANIM
Kapsam 438 s.
Diğer Fiziksel Ayrıntıları res.
Boyutlar 21 sm.
490 ## - SERİSİ TABLOSU
Seri Beyanı Yöre Dergisi Yöresel Kitaplar Dizisi
Hacim / Ardışık Tanımı 7
504 ## - KAYNAKÇA VB NOT
Kaynakça Vb Notu Kaynakça ve dizin var.
600 ## - KONU KATMA GİRİŞ - KURUMSAL ADI
Kişisel Ad Şeyh Bedreddin
Bir Adıyla İlişkilendirilen Tarihler 1241-1333
Genel Alt Bölümü Yaşamöyküsü
650 ## - KONU KATMA GİRİŞ - TOPİKAL DÖNEM
Topikal Süreli Veya Coğrafi Ad Giriş Elemanı İslam dini
Genel Alt Bölümü Din adamları
Coğrafi Alt Bölümü Edirne
942 ## - EKLENDİ GİRİŞ ELEMANLARI (KOHA)
Sınıflandırma Veya Raf Düzeni Kaynak
Koha Öğesi Türü Books
999 ## - SİSTEM KONTROL NUMARALARI (KOHA)
Koha Biblionumber 5103
Koha Biblioitemnumber 5103
Holdings
Kalıcı Konum Mevcut Konum Edinme Tarihi Edinim Kaynak Toplam Check-Out'Lar Tam Çağrı Numarası Barkod Tarih Son Görülme İtibaren Geçerli Fiyatlar Koha Öğesi Türü
CHP Kütüphanesi CHP Kütüphanesi 08/17/2016 Bağış   922.97 Bedreddin T85o 2016 001334 08/17/2016 08/17/2016 Books